[Event "Olympiad U18"]
[Site "Atlacomulco"]
[Date "2001.??.??"]
[Round "3"]
[White "De la Cruz Lopez, Adriana"]
[Black "Cabrera Mata, Jessica"]
[Result "0-1"]
[WhiteElo "1315"]
[BlackElo "1427"]
[PlyCount "98"]
[EventDate "2001.05.29"]
[EventType "swiss"]
[EventRounds "5"]
[EventCountry "MEX"]
[SourceTitle "EXT 2002"]
[Source "ChessBase"]
[SourceDate "2001.11.25"]
[SourceVersion "1"]
[SourceVersionDate "2001.11.25"]
[SourceQuality "1"]

1. e4 e5 2. Nf3 Nc6 3. Nc3 d6 4. Bc4 Be7 5. 0-0 Nf6 6. d4 Bg4 7. Be2 Bxf3 8. Bxf3 Nxd4 9. Nd5 0-0 10. c3 Nc6 11. Bg5 Nxd5 12. exd5 Nb8 13. Be3 Bg5 14. Qd3 Bxe3 15. fxe3 Nd7 16. Rf2 Nf6 17. Raf1 Qe7 18. Be4 Nxe4 19. Qxe4 Rac8 20. Rf3 g6 21. Qg4 f5 22. Qh3 e4 23. Rf4 Rce8 24. Qg3 Qe5 25. Qg5 Rf7 26. h4 Qf6 27. Qh6 Qg7 28. Qxg7+ Kxg7 29. g4 Ref8 30. h5 fxg4 31. h6+ Kg8 32. Rxf7 Rxf7 33. Rxf7 Kxf7 34. Kg2 Kf6 35. Kh2 Kg5 36. Kg3 Kxh6 37. Kxg4 g5 38. b4 Kg6 39. c4 h5+ 40. Kg3 Kf5 41. c5 Ke5 42. a4 Kxd5 43. cxd6 Kxd6 44. Kg2 Kd5 45. Kh3 Kc4 46. b5 Kd3 47. Kg2 Kxe3 48. Kf1 Kd3 49. Ke1 g4 0-1